DENTAL LABORATORY PROCEDURE (Record no. 4903)

MARC details
000 -LEADER
fixed length control field 00332nam a2200133Ia 4500
008 - FIXED-LENGTH DATA ELEMENTS--GENERAL INFORMATION
fixed length control field 150201s2014 xx 000 0 und d
082 ## - DEWEY DECIMAL CLASSIFICATION NUMBER
Classification number 617.672
Item number D2014 M
100 ## - MAIN ENTRY--PERSONAL NAME
Personal name MORROW ,ROBERT.M.
245 ## - TITLE STATEMENT
Title DENTAL LABORATORY PROCEDURE
250 ## - EDITION STATEMENT
Edition statement 1ST
260 ## - PUBLICATION, DISTRIBUTION, ETC. (IMPRINT)
Name of publisher, distributor, etc. ELSEVIER PUBLICATION
650 ## - SUBJECT ADDED ENTRY--TOPICAL TERM
Topical term or geographic name as entry element PROSTHODONTICS
942 ## - ADDED ENTRY ELEMENTS (KOHA)
Source of classification or shelving scheme Dewey Decimal Classification
Koha item type Books
Koha issues (borrowed), all copies 5
Holdings
Withdrawn status Lost status Source of classification or shelving scheme Damaged status Not for loan Home library Current library Date acquired Serial Enumeration / chronology SGTU Total Checkouts Full call number Barcode Date last seen Date last checked out Bill Date Koha item type
    Dewey Decimal Classification     SGT Dental Library SGT Dental Library 17/07/2014 1 SGTU 1 617.672 D2014 M FD7126 25/02/2026 25/02/2026 09/02/2015 Books
    Dewey Decimal Classification     SGT Dental Library SGT Dental Library 17/07/2014 1 SGTU 10 617.672 D2014 M FD7127 30/11/2024 28/11/2024 09/02/2015 Books
    Dewey Decimal Classification     SGT Dental Library SGT Dental Library 17/07/2014 2 SGTU   617.672 D2014M FD7128 09/02/2015   09/02/2015 Books
    Dewey Decimal Classification     SGT Dental Library SGT Dental Library 17/07/2014 2 SGTU 2 617.672 D2014M FD7129 27/10/2020 27/10/2020 09/02/2015 Books
    Dewey Decimal Classification     SGT Dental Library SGT Dental Library 17/07/2014 3 SGTU   617.672 D2014M FD7130 09/02/2015   09/02/2015 Books
    Dewey Decimal Classification     SGT Dental Library SGT Dental Library 17/07/2014 3 SGTU   617.672 D2014M FD7131 09/02/2015   09/02/2015 Books